|
|
|
|
| LEADER |
00000nam0a2200000 4500 |
| 001 |
103823 |
| 005 |
20231031113757.0 |
| 010 |
|
|
|a 594849733X
|
| 010 |
|
|
|a 5-373-00084-1
|
| 035 |
|
|
|a (RuTPU)RU\TPU\book\111925
|
| 090 |
|
|
|a 103823
|
| 100 |
|
|
|a 20061023d2006 km y0rusy50 ca
|
| 101 |
0 |
|
|a rus
|
| 102 |
|
|
|a RU
|
| 105 |
|
|
|a a f 001zy
|
| 200 |
1 |
|
|a Новейшая энциклопедия персонального компьютера. 2006
|f В. П. Леонтьев
|
| 210 |
|
|
|a Москва
|c Олма-Пресс Образование
|c ОЛМА Медиа Групп
|d 2006
|
| 215 |
|
|
|a 896 с.
|c ил.
|
| 225 |
1 |
|
|a Настольная книга пользователя
|
| 320 |
|
|
|a Хронологический указатель: с. 852-879
|
| 320 |
|
|
|a Биографический справочник: с. 879-889
|
| 320 |
|
|
|a Англо-русский словарик компьютерных терминов: с. 829-848
|
| 330 |
|
|
|a Новое издание популярной компьютерной энциклопедии включает самую актуальную информацию, необходимую каждому пользователю. Подробность изложения материала в сочетании с живым и увлекательным стилем изложения делают книгу незаменимой как для начинающих, так и для опытных пользователей. Как правильно выбрать компьютер и все необходимые программы? Как справиться с ошибками и сбоями? Как работать с любой из описанных в книге программ и искать информацию в сети Интернет? Книга даст ответ практически на любые вопросы, которые могут возникнуть у пользователей, и станет вашим надежным другом и спутником. Выдержав несколько переизданий, Новейшая энциклопедия и сегодня остается самым популярным в России учебником компьютерной грамотности. Все разделы предлагаемого читателю издания значительно расширены и дополнены. Для широкого круга читателей. «Энциклопедию» можно рекомендовать в качестве дополнительного пособия для школьников и студентов при освоении курса информатики.
|
| 333 |
|
|
|a Исключено из фонда НТБ ТПУ
|
| 451 |
|
1 |
|0 (RuTPU)RU\TPU\book\27336
|y 5-224-01995-8
|t Новейшая энциклопедия персонального компьютера 2001
|f В. П. Леонтьев
|c М.
|n Олма-Пресс
|d 2001
|p 847 с.
|s Ученику, студенту, учителю
|a Леонтьев, Виталий Петрович
|
| 675 |
|
|
|a 681.322-181.4(031)
|v 3
|
| 700 |
|
1 |
|a Леонтьев
|b В. П.
|g Виталий Петрович
|
| 801 |
|
1 |
|a RU
|b 63413507
|c 20061023
|g PSBO
|
| 801 |
|
2 |
|a RU
|b 63413507
|c 20211020
|g PSBO
|
| 942 |
|
|
|c BK
|
| 959 |
|
|
|a 89/20061012
|d 1
|e 333,52
|f ЧЗТЛ:1
|